00581nam a2200181 i 450000100060000000300090000600500170001500700030003200800410003502000180007608000260009410000300012024500440015026000550019430000380024950000790028785200330036698518ES-MaACL20231229063025.0t|050929s1990 phl ||||1| spa d a971-538-000-X a821.134.2(599)-31"18"1 aRizal, José,d1861-189613aEl filibusterismo / cpor José Rizal. aManila : bInstituto Nacional de Historia, c1990. aIV, 286, 46 p. : bil. ; c23 cm. aImpresión al offset de la Edición Príncipe impresa en Gante en 1891. aES-MaACLjF-13509 bR.136498